Ramon Martí's Pugio Fidei: studies and texts
| Main Author: | |
|---|---|
| Contributors: | ; ; |
| Format: | Print Book |
| Language: | English French |
| Subito Delivery Service: | Order now. |
| Check availability: | HBZ Gateway |
| WorldCat: | WorldCat |
| Interlibrary Loan: | Interlibrary Loan for the Fachinformationsdienste (Specialized Information Services in Germany) |
| Published: |
Santa Coloma de Queralt
Obrador Edèndum
desembre 2017
|
| In: |
Exemplaria scholastica (volum 8)
Year: 2017 |
| Reviews: | Ramon Martí’sPugio Fidei. Studies and Texts (2019) (Morgenstern, Matthias)
|
| Edition: | Primera edició |
| Series/Journal: | Exemplaria scholastica
volum 8 |
| Standardized Subjects / Keyword chains: | B
Raimundus, Martin's Day 1220-1284, Pugio fidei
/ Anti-judaism
|
| Further subjects: | B
Collection of essays
|
| Online Access: |
Table of Contents Blurb (Publisher) |
MARC
| LEADER | 00000cam a2200000 c 4500 | ||
|---|---|---|---|
| 001 | 1011939983 | ||
| 003 | DE-627 | ||
| 005 | 20251224211045.0 | ||
| 007 | tu | ||
| 008 | 180131s2017 sp ||||| 00| ||eng c | ||
| 020 | |a 9788494756610 |9 978-84-947566-1-0 | ||
| 035 | |a (DE-627)1011939983 | ||
| 035 | |a (DE-576)497598728 | ||
| 035 | |a (DE-599)BSZ497598728 | ||
| 035 | |a (OCoLC)1020486094 | ||
| 035 | |a (OCoLC)1020486094 | ||
| 035 | |a (ZDB-21-EIL)4450964 | ||
| 040 | |a DE-627 |b ger |c DE-627 |e rda | ||
| 041 | |a eng |a fre | ||
| 044 | |c XA-ES | ||
| 050 | 0 | |a BL | |
| 082 | 0 | |a 200 | |
| 082 | 0 | |a 261 | |
| 084 | |a 1 |2 ssgn | ||
| 084 | |a 11.52 |2 bkl | ||
| 084 | |a 06.12 |2 bkl | ||
| 130 | 0 | |a Pugio Fidei | |
| 245 | 1 | 0 | |a Ramon Martí's Pugio Fidei |b studies and texts |c edited by Görge K. Hasselhoff, Alexander Fidora |
| 250 | |a Primera edició | ||
| 264 | 1 | |a Santa Coloma de Queralt |b Obrador Edèndum |c desembre 2017 | |
| 300 | |a 268 Seiten |b Faksimiles | ||
| 336 | |a Text |b txt |2 rdacontent | ||
| 337 | |a ohne Hilfsmittel zu benutzen |b n |2 rdamedia | ||
| 338 | |a Band |b nc |2 rdacarrier | ||
| 490 | 1 | |a Exemplaria scholastica |v volum 8 | |
| 500 | |a Collected essays | ||
| 500 | |a Text in English and French | ||
| 500 | |a English, French | ||
| 546 | |a English, French | ||
| 583 | 1 | |a Archivierung/Langzeitarchivierung gewährleistet |f SSG |x XA-DE-BW |2 pdager |5 DE-21 | |
| 655 | 7 | |a Aufsatzsammlung |0 (DE-588)4143413-4 |0 (DE-627)105605727 |0 (DE-576)209726091 |2 gnd-content | |
| 689 | 0 | 0 | |d u |0 (DE-588)4540892-0 |0 (DE-627)702709859 |0 (DE-576)213288575 |a Raimundus |2 gnd |c Martini |d 1220-1284 |t Pugio fidei |
| 689 | 0 | 1 | |d s |0 (DE-588)4536893-4 |0 (DE-627)266804209 |0 (DE-576)213462486 |2 gnd |a Antijudaismus |
| 689 | 0 | |5 (DE-627) | |
| 700 | 0 | |e VerfasserIn |0 (DE-588)118597906 |0 (DE-627)079390277 |0 (DE-576)167119184 |4 aut |a Raimundus |c Martini |d 1220-1284 | |
| 700 | 1 | |e HerausgeberIn |0 (DE-588)129076988 |0 (DE-627)658879987 |0 (DE-576)187849196 |4 edt |a Hasselhoff, Görge K. |d 1971- | |
| 700 | 1 | |e HerausgeberIn |0 (DE-588)132487675 |0 (DE-627)522961509 |0 (DE-576)18152709X |4 edt |a Fidora, Alexander |d 1975- | |
| 787 | 0 | 8 | |i Rezensiert in |a Morgenstern, Matthias |t Ramon Martí’sPugio Fidei. Studies and Texts |d 2019 |w (DE-627)1798013541 |
| 830 | 0 | |a Exemplaria scholastica |v volum 8 |9 8 |w (DE-627)559285582 |w (DE-576)111818532 |w (DE-600)2413671-2 |7 am | |
| 856 | 4 | 2 | |u https://swbplus.bsz-bw.de/bsz497598728inh.htm |m B:DE-576;DE-21 |q application/pdf |v 20180308140827 |x Verlag |3 Inhaltsverzeichnis |7 1 |
| 856 | 4 | 2 | |u https://swbplus.bsz-bw.de/bsz497598728kla.htm |m B:DE-576;DE-21 |q application/pdf |v 20180308140827 |x Verlag |3 Klappentext |7 1 |
| 935 | |i Blocktest | ||
| 936 | b | k | |a 11.52 |j Mittelalterliches Christentum |0 (DE-627)10641965X |
| 936 | b | k | |a 06.12 |j Kodikologie |0 (DE-627)106416537 |
| 951 | |a BO | ||
| ACO | |a 1 | ||
| ELC | |b 1 | ||
| ITA | |a 1 |t 1 | ||
| LOK | |0 000 xxxxxcx a22 zn 4500 | ||
| LOK | |0 001 3284743766 | ||
| LOK | |0 003 DE-627 | ||
| LOK | |0 004 1011939983 | ||
| LOK | |0 005 20180302110911 | ||
| LOK | |0 008 180302||||||||||||||||ger||||||| | ||
| LOK | |0 040 |a DE-21 |c DE-627 |d DE-21 | ||
| LOK | |0 852 |a DE-21 | ||
| LOK | |0 852 1 |c 58 A 1702 |9 00 | ||
| LOK | |0 935 |a theo | ||
| LOK | |0 936ln |a t3.4 | ||
| LOK | |0 938 |a 1803 |f 2 | ||
| LOK | |0 939 |a 02-03-18 |b l01 | ||
| ORI | |a SA-MARC-ixtheoa001.raw | ||
| REL | |a 1 | ||
| SPR | |a 1 |t IXT | ||
| STA | 0 | 0 | |a Anti-judaism |
| STB | 0 | 0 | |a Antijudaïsme |
| STC | 0 | 0 | |a Antijudaísmo |
| STD | 0 | 0 | |a Antigiudaismo |
| STF | 0 | 0 | |a 反犹太教主义 |
| STG | 0 | 0 | |a Antijudaísmo |
| STH | 0 | 0 | |a Антииудаизм |
| STI | 0 | 0 | |a Αντιιουδαϊσμός |
| SUB | |a REL | ||
| SYG | 0 | 0 | |a Raimundus,Martini,1220-1284,Pugio fidei adversus Mauros et Iudaeos,Raimundus,Martini,1220-1284,Pugio fidei adversus Mauros et Judaeos |



